[Event "Puerto Lopez op"]
[Site "Puerto Lopez"]
[Date "2021.07.31"]
[Round "1"]
[White "Casas Cobos, Julio Eduardo"]
[Black "Leal Cruz, Fabio"]
[Result "1/2-1/2"]
[WhiteElo "1846"]
[BlackElo "1579"]
[PlyCount "81"]
[EventDate "2021.07.31"]
[EventType "swiss"]
[EventRounds "6"]
[EventCountry "COL"]
[SourceTitle "EXT 2022"]
[Source "ChessBase"]
[SourceDate "2021.10.06"]
[SourceVersion "1"]
[SourceVersionDate "2021.10.06"]
[SourceQuality "1"]

1. e4 d6 2. Bc4 Nf6 3. Nc3 g6 4. d4 Bg7 5. Bg5 0-0 6. Qd2 c6 7. f4 b5 8. Bd3 Qb6 9. Nf3 h6 10. Bh4 e5 11. fxe5 dxe5 12. Bxf6 Bxf6 13. Qxh6 exd4 14. Ne2 c5 15. e5 Bg7 16. Qh4 Re8 17. 0-0-0 Nc6 18. Rhf1 Nxe5 19. Nxe5 Rxe5 20. Ng3 Be6 21. Ne4 Qd8 22. Nf6+ Bxf6 23. Rxf6 Kg7 24. Rdf1 Bf5 25. Bxf5 gxf5 26. Qh6+ Kg8 27. Rf3 Re1+ 28. Kd2 Qa5+ 29. c3 dxc3+ 30. bxc3 Re4 31. Rg3+ Rg4 32. Rxg4+ fxg4 33. Qg5+ Kf8 34. Qxc5+ Kg8 35. Qg5+ Kf8 36. Rxf7+ Kxf7 37. Qd5+ Kf6 38. Qxa8 Qxa2+ 39. Ke3 Qe6+ 40. Kf4 Qc4+ 41. Qe4 1/2-1/2

[Event "Puerto Lopez op"]
[Site "Puerto Lopez"]
[Date "2021.07.31"]
[Round "3"]
[White "Romero, Hector Julio"]
[Black "Casas Cobos, Julio Eduardo"]
[Result "0-1"]
[WhiteElo "1677"]
[BlackElo "1846"]
[PlyCount "56"]
[EventDate "2021.07.31"]
[EventType "swiss"]
[EventRounds "6"]
[EventCountry "COL"]
[SourceTitle "EXT 2022"]
[Source "ChessBase"]
[SourceDate "2021.10.06"]
[SourceVersion "1"]
[SourceVersionDate "2021.10.06"]
[SourceQuality "1"]

1. d4 e6 2. e4 d5 3. e5 c5 4. c3 Nc6 5. Be3 Qb6 6. Qd2 Bd7 7. f4 Nh6 8. Nf3 Nf5 9. Bf2 Rc8 10. Bd3 cxd4 11. Bxf5 exf5 12. cxd4 Nb4 13. Na3 Bb5 14. Nxb5 Qxb5 15. Qe2 Nc2+ 16. Kf1 Qxe2+ 17. Kxe2 Nxa1 18. Rxa1 Rc2+ 19. Kf1 Rxb2 20. a4 Be7 21. Rc1 Kd7 22. Bh4 Bxh4 23. Nxh4 Rc8 24. Rxc8 Kxc8 25. Nxf5 Kd7 26. Nxg7 a5 27. Nf5 b5 28. axb5 a4 0-1

[Event "COL-chT Interligas"]
[Site "Palmira"]
[Date "2019.04.28"]
[Round "4.2"]
[White "Casas Cobos, Julio Eduardo"]
[Black "Cifuentes, John Jairo"]
[Result "1-0"]
[WhiteElo "1883"]
[BlackElo "2185"]
[PlyCount "59"]
[EventDate "2019.04.27"]
[EventType "team-swiss"]
[EventRounds "6"]
[EventCountry "COL"]
[SourceTitle "CBM 190 Extra"]
[Source "ChessBase"]
[SourceDate "2019.07.15"]
[SourceVersion "1"]
[SourceVersionDate "2019.07.15"]
[SourceQuality "1"]
[WhiteTeam "Fuerzas Armadas II"]
[BlackTeam "Cundinamarca"]
[WhiteTeamCountry "COL"]
[BlackTeamCountry "COL"]

1. e4 c5 2. Nf3 d6 3. g3 Nc6 4. Bg2 g6 5. 0-0 Bg7 6. c3 e5 7. d3 Nge7 8. h3 0-0 9. Na3 b6 10. Bg5 h6 11. Be3 d5 12. exd5 Nxd5 13. Qc1 Kh7 14. d4 exd4 15. cxd4 Nxd4 16. Bxd4 cxd4 17. Rd1 Bb7 18. Nxd4 Rc8 19. Qd2 Qf6 20. Qe2 Rfd8 21. Nac2 Ba8 22. a4 a5 23. Ra3 Nb4 24. Bxa8 Nxc2 25. Nxc2 Rxd1+ 26. Qxd1 Rxa8 27. Rb3 Qc6 28. Rb5 h5 29. Ne3 Re8 30. b3 1-0

[Event "COL-ch U2000"]
[Site "Pereira"]
[Date "2019.03.25"]
[Round "9"]
[White "Casas Cobos, Julio Eduardo"]
[Black "Ramirez, Francisco Javier"]
[Result "0-1"]
[WhiteElo "1883"]
[BlackElo "1907"]
[PlyCount "52"]
[EventDate "2019.03.21"]
[EventType "swiss"]
[EventRounds "9"]
[EventCountry "COL"]
[SourceTitle "CBM 189 Extra"]
[Source "ChessBase"]
[SourceDate "2019.06.03"]
[SourceVersion "1"]
[SourceVersionDate "2019.06.03"]
[SourceQuality "1"]

1. e4 e6 2. g3 d5 3. exd5 exd5 4. Bg2 Nf6 5. d4 Bd6 6. Nf3 0-0 7. 0-0 Re8 8. Nc3 c6 9. Re1 Bg4 10. Bg5 Nbd7 11. Qd3 Qc7 12. a3 h6 13. Bd2 b5 14. Nh4 a5 15. Nf5 Bxf5 16. Qxf5 a4 17. Bf1 g6 18. Qh3 h5 19. Bd3 Qb6 20. Qh4 Kg7 21. h3 Rh8 22. Ne2 Rae8 23. c3 Ne4 24. Bg5 f6 25. Bxf6+ Ndxf6 26. f3 g5 0-1

[Event "COL-ch"]
[Site "Bogota"]
[Date "2018.11.11"]
[Round "8"]
[White "Acuna, Nelson David"]
[Black "Casas Cobos, Julio Eduardo"]
[Result "1-0"]
[WhiteElo "1852"]
[BlackElo "1904"]
[PlyCount "55"]
[EventDate "2018.11.06"]
[EventType "swiss"]
[EventRounds "9"]
[EventCountry "COL"]
[SourceTitle "CBM 187 Extra"]
[Source "ChessBase"]
[SourceDate "2018.11.04"]
[SourceVersion "1"]
[SourceVersionDate "2018.11.04"]
[SourceQuality "1"]

1. e4 e5 2. Nf3 Nc6 3. Bc4 Bc5 4. 0-0 d6 5. c3 Nf6 6. d4 exd4 7. cxd4 Bb6 8. h3 Nxe4 9. Re1 0-0 10. Rxe4 d5 11. Bxd5 Qxd5 12. Nc3 Qd8 13. d5 Ne7 14. Bf4 Ng6 15. Bg3 f5 16. Rc4 a6 17. Ne2 Bd7 18. Rac1 c6 19. Nf4 Qf6 20. dxc6 Bxc6 21. Rxc6 Bxf2+ 22. Bxf2 bxc6 23. Nxg6 hxg6 24. Qb3+ Kh8 25. Bd4 Qd6 26. Bc5 Qf4 27. Rc4 Qg3 28. Rh4+ 1-0

[Event "COL-ch"]
[Site "Bogota"]
[Date "2018.11.10"]
[Round "7"]
[White "Casas Cobos, Julio Eduardo"]
[Black "Reyes Aristizabal, Andres"]
[Result "1-0"]
[WhiteElo "1904"]
[BlackElo "1661"]
[PlyCount "106"]
[EventDate "2018.11.06"]
[EventType "swiss"]
[EventRounds "9"]
[EventCountry "COL"]
[SourceTitle "CBM 187 Extra"]
[Source "ChessBase"]
[SourceDate "2018.11.04"]
[SourceVersion "1"]
[SourceVersionDate "2018.11.04"]
[SourceQuality "1"]

1. e4 d6 2. d4 Nf6 3. Nc3 g6 4. Bc4 Bg7 5. Qe2 0-0 6. e5 Ne8 7. Nf3 Nc6 8. e6 f5 9. Ng5 Nf6 10. d5 Nd4 11. Qd3 Ng4 12. h3 Ne5 13. Qxd4 Nf3+ 14. Nxf3 Bxd4 15. Nxd4 Kg7 16. Nf3 h6 17. Be3 c6 18. Ke2 b5 19. Bb3 Bb7 20. Rad1 a5 21. dxc6 Bxc6 22. Nd4 Be8 23. Ndxb5 a4 24. Bc4 Rc8 25. b3 Rxc4 26. bxc4 Qc8 27. Bd4+ Kh7 28. Kd3 Qxe6 29. Rhe1 Qd7 30. f4 Bf7 31. Nxa4 d5 32. Nac3 dxc4+ 33. Ke3 Qb7 34. Kf2 Be8 35. Re5 Bc6 36. Rde1 Rf7 37. Bc5 Qd7 38. R1e2 Kg8 39. a4 h5 40. Bxe7 Qb7 41. Kg3 Qd7 42. Bc5 h4+ 43. Kxh4 Rh7+ 44. Kg3 Qd8 45. Be7 Qd7 46. Bf6 Rf7 47. Re8+ Qxe8 48. Rxe8+ Bxe8 49. Be5 Bc6 50. Nd6 Ra7 51. Nxc4 Bxa4 52. Nxa4 Rxa4 53. Nd6 Ra3+ 1-0

[Event "COL-ch"]
[Site "Bogota"]
[Date "2018.11.09"]
[Round "6"]
[White "Gomez Leon, Sebastian"]
[Black "Casas Cobos, Julio Eduardo"]
[Result "0-1"]
[WhiteElo "1484"]
[BlackElo "1904"]
[PlyCount "82"]
[EventDate "2018.11.06"]
[EventType "swiss"]
[EventRounds "9"]
[EventCountry "COL"]
[SourceTitle "CBM 187 Extra"]
[Source "ChessBase"]
[SourceDate "2018.11.04"]
[SourceVersion "1"]
[SourceVersionDate "2018.11.04"]
[SourceQuality "1"]

1. d4 d5 2. Nf3 c5 3. c3 Nc6 4. Bf4 cxd4 5. Nxd4 Nf6 6. e3 g6 7. Nd2 Bg7 8. Bd3 0-0 9. 0-0 Nh5 10. Bg3 f5 11. Nxc6 bxc6 12. Qa4 Bd7 13. Be2 Nxg3 14. hxg3 e5 15. Qh4 Bf6 16. Qa4 a5 17. Qc2 Qb6 18. Kh2 Kg7 19. Rad1 Be6 20. Nf3 Rab8 21. b3 Qc5 22. Rd2 h5 23. Rh1 Qe7 24. c4 Rbc8 25. Qc3 Qc7 26. Rc1 Rf7 27. cxd5 cxd5 28. Qxc7 Rfxc7 29. Rxc7+ Rxc7 30. Bb5 Bf7 31. Ba4 g5 32. a3 Rc3 33. Kh1 g4 34. Nh4 Be6 35. Re2 Kf7 36. f3 d4 37. exd4 exd4 38. Be8+ Kxe8 39. Rxe6+ Kf7 40. Rd6 Bxh4 41. gxh4 g3 0-1

[Event "COL-ch"]
[Site "Bogota"]
[Date "2018.11.08"]
[Round "4"]
[White "Murillo, Duber"]
[Black "Casas Cobos, Julio Eduardo"]
[Result "1-0"]
[WhiteElo "1620"]
[BlackElo "1904"]
[PlyCount "83"]
[EventDate "2018.11.06"]
[EventType "swiss"]
[EventRounds "9"]
[EventCountry "COL"]
[SourceTitle "CBM 187 Extra"]
[Source "ChessBase"]
[SourceDate "2018.11.04"]
[SourceVersion "1"]
[SourceVersionDate "2018.11.04"]
[SourceQuality "1"]

1. d4 d5 2. c4 e6 3. Nc3 Nf6 4. Bf4 c5 5. Nf3 Nc6 6. e3 a6 7. a3 dxc4 8. dxc5 Qxd1+ 9. Rxd1 Bxc5 10. Bxc4 0-0 11. b4 Be7 12. Ke2 b5 13. Bd3 Bb7 14. Rd2 Rac8 15. Rc1 h6 16. Rdc2 g5 17. Bg3 Nh5 18. Ne4 f5 19. Nc5 Bxc5 20. Rxc5 Nxg3+ 21. hxg3 Ne7 22. Ne1 Rxc5 23. Rxc5 Rc8 24. Rxc8+ Nxc8 25. Bc2 Kf7 26. Bb3 Kf6 27. Nd3 Nd6 28. Nc5 Bc8 29. Kd3 e5 30. f4 h5 31. Bd5 h4 32. gxh4 gxh4 33. a4 bxa4 34. Nxa4 a5 35. bxa5 Ba6+ 36. Kd2 Bf1 37. Ke1 Nc4 38. a6 Nxe3 39. a7 Nxd5 40. a8Q Bxg2 41. Qf8+ Ke6 42. Nc5# 1-0

[Event "COL-chT"]
[Site "Ibague"]
[Date "2018.10.13"]
[Round "5.3"]
[White "Casas Cobos, Julio Eduardo"]
[Black "Corredor Castellanos, Camilo"]
[Result "0-1"]
[WhiteElo "1922"]
[BlackElo "2016"]
[PlyCount "96"]
[EventDate "2018.10.11"]
[EventType "team-swiss"]
[EventRounds "6"]
[EventCountry "COL"]
[SourceTitle "CBM 186 Extra"]
[Source "ChessBase"]
[SourceDate "2018.08.24"]
[SourceVersion "1"]
[SourceVersionDate "2018.08.24"]
[SourceQuality "1"]
[WhiteTeam "Fuerzas Armadas"]
[BlackTeam "Boyaca II"]
[WhiteTeamCountry "COL"]
[BlackTeamCountry "COL"]

1. e4 c5 2. Nf3 e6 3. c4 Nc6 4. Nc3 Nf6 5. d4 cxd4 6. Nxd4 Bb4 7. Nxc6 bxc6 8. Bd3 e5 9. 0-0 0-0 10. Bg5 h6 11. Bh4 Bc5 12. a3 d6 13. Kh1 g5 14. Bg3 h5 15. h4 Ng4 16. Bh2 gxh4 17. f4 Rb8 18. Qe2 f6 19. f5 Rf7 20. Rf3 a5 21. Raf1 Rg7 22. Rh3 Rg5 23. Nd1 Qb6 24. Rxh4 Rb7 25. Qf3 Rbg7 26. Be2 Ba6 27. Bg1 Bxg1 28. Rxg1 Qd4 29. b3 Bb7 30. Rh3 c5 31. Bd3 Bc6 32. a4 Rb7 33. Bc2 Qd2 34. Qc3 Qxc3 35. Rxc3 Kf8 36. g3 Rxf5 37. Kg2 Rg7 38. Kh3 Rfg5 39. Rf3 h4 40. Ne3 Nxe3 41. Rxe3 Rh7 42. Kg2 Rxg3+ 43. Rxg3 hxg3 44. Kxg3 Rg7+ 45. Kh2 Rxg1 46. Kxg1 Kg7 47. Kf2 Bd7 48. Ke3 Bg4 0-1

[Event "Tunja Liga Boyaca"]
[Site "Tunja"]
[Date "2017.12.14"]
[Round "1.22"]
[White "Carmona Pineda, Elkin Yesid"]
[Black "Casas Cobos, Julio Eduardo"]
[Result "0-1"]
[WhiteElo "1596"]
[BlackElo "1953"]
[PlyCount "118"]
[EventDate "2017.12.14"]
[EventType "swiss"]
[EventRounds "7"]
[EventCountry "COL"]
[SourceTitle "EXT 2024"]
[Source "ChessBase"]
[SourceDate "2023.10.10"]
[SourceVersion "1"]
[SourceVersionDate "2023.10.10"]
[SourceQuality "1"]

1. d4 Nf6 2. c4 e5 3. dxe5 Ng4 4. Bf4 Nc6 5. e3 Ngxe5 6. Nf3 Ng6 7. Bg3 Bb4+ 8. Nc3 d6 9. Be2 Bxc3+ 10. bxc3 Qf6 11. Nd4 Bd7 12. Qb3 b6 13. Bf3 Na5 14. Qc2 Rc8 15. 0-0 0-0 16. Qd3 Ne5 17. Bxe5 Qxe5 18. Be4 f5 19. Bd5+ Kh8 20. f4 Qf6 21. Rae1 c6 22. Bf3 Be6 23. Nxe6 Qxe6 24. Be2 Nb7 25. Bf3 Nc5 26. Qd4 Rfe8 27. Re2 Ne4 28. Bxe4 Qxe4 29. Qxd6 Qxc4 30. Qd2 Rcd8 31. Qc2 Rd3 32. Rc1 Rxc3 33. Qxc3 Qxe2 34. Re1 Qb5 35. Kf2 h6 36. h3 Qd5 37. Re2 c5 38. Rd2 Qe6 39. a4 Kh7 40. Rd3 Qa2+ 41. Kf3 Qxa4 42. Qd2 Re7 43. g4 Qe4+ 44. Kg3 b5 45. Kf2 fxg4 46. hxg4 Qe6 47. Qc2 c4 48. Rd7+ Kg8 49. Rd8+ Re8 50. Rxe8+ Qxe8 51. Qf5 Qc6 52. g5 hxg5 53. Qxg5 Qd7 54. f5 c3 55. e4 Qd2+ 56. Qxd2 cxd2 57. Ke2 Kf7 58. Kxd2 Kf6 59. Kc3 Ke5 0-1

[Event "COL-ch Amateur U2000"]
[Site "Bogota"]
[Date "2017.03.04"]
[Round "5"]
[White "Casas Cobos, Julio Eduardo"]
[Black "Contreras R, Wilson Mauricio"]
[Result "1-0"]
[WhiteElo "1948"]
[BlackElo "1767"]
[PlyCount "91"]
[EventDate "2017.03.02"]
[EventType "swiss"]
[EventRounds "7"]
[EventCountry "COL"]
[SourceTitle "CBM 177 Extra"]
[Source "ChessBase"]
[SourceDate "2017.04.27"]
[SourceVersion "1"]
[SourceVersionDate "2017.04.27"]
[SourceQuality "1"]

1. e4 e6 2. d4 d5 3. Nd2 dxe4 4. Nxe4 Nf6 5. Ng3 Nbd7 6. Nf3 Bd6 7. Bd3 b6 8. c3 Bb7 9. Be3 Qe7 10. Qa4 0-0 11. Qc2 Rfe8 12. h4 a5 13. 0-0-0 Nf8 14. h5 Ng4 15. Bg5 f6 16. Bh4 c5 17. Ne4 Bf4+ 18. Kb1 a4 19. dxc5 bxc5 20. Rhe1 Qc7 21. Bb5 Bc6 22. Bxc6 Qxc6 23. g3 Bc7 24. Qe2 f5 25. Ned2 e5 26. Ng5 Nf6 27. Ndf3 Qa6 28. Qc2 h6 29. Qxf5 hxg5 30. Nxg5 Qc8 31. Qd3 Nxh5 32. f4 g6 33. fxe5 Qf5 34. Re4 Bd8 35. g4 Qc8 36. gxh5 Bxg5 37. Bxg5 Qf5 38. Bf6 Qxh5 39. Qd5+ Re6 40. Rh4 Qf5+ 41. Kc1 Ra7 42. Rdh1 Rh7 43. Rxh7 Qf4+ 44. Kb1 Qf5+ 45. Ka1 Nxh7 46. Qd8+ 1-0

[Event "Bogota Navidad op"]
[Site "Bogota"]
[Date "2016.12.10"]
[Round "7"]
[White "Forero Beltran, Jose"]
[Black "Casas Cobos, Julio Eduardo"]
[Result "1-0"]
[WhiteElo "1782"]
[BlackElo "1958"]
[PlyCount "66"]
[EventDate "2016.12.07"]
[EventType "swiss"]
[EventRounds "9"]
[EventCountry "COL"]
[SourceTitle "CBM 176 Extra"]
[Source "ChessBase"]
[SourceDate "2017.03.02"]
[SourceVersion "1"]
[SourceVersionDate "2017.03.02"]
[SourceQuality "1"]

1. e4 e5 2. Nf3 Nc6 3. Bb5 a6 4. Ba4 Nf6 5. 0-0 b5 6. Bb3 Be7 7. Re1 0-0 8. c3 Na5 9. Bc2 d6 10. h3 c5 11. d4 Qc7 12. Nbd2 Bd7 13. Nf1 cxd4 14. cxd4 Rac8 15. Bd3 exd4 16. Nxd4 Nc4 17. Ne3 Ne5 18. Bb1 Rfd8 19. Bc2 Bc6 20. f4 Ng6 21. Nef5 Bf8 22. Bd3 Ba8 23. Bd2 d5 24. e5 Ne4 25. Be3 Nc5 26. Rc1 Qd7 27. Bb1 Ne6 28. Qh5 Rc4 29. Bd3 Bc5 30. Bxc4 dxc4 31. Nxe6 fxe6 32. Bxc5 Qc6 33. Ne3 Qxc5 1-0

[Event "Bogota Navidad op"]
[Site "Bogota"]
[Date "2016.12.07"]
[Round "1"]
[White "Lopez Ramirez, Daniel Giovanny"]
[Black "Casas Cobos, Julio Eduardo"]
[Result "0-1"]
[WhiteElo "1443"]
[BlackElo "1958"]
[PlyCount "100"]
[EventDate "2016.12.07"]
[EventType "swiss"]
[EventRounds "9"]
[EventCountry "COL"]
[SourceTitle "CBM 176 Extra"]
[Source "ChessBase"]
[SourceDate "2017.03.02"]
[SourceVersion "1"]
[SourceVersionDate "2017.03.02"]
[SourceQuality "1"]

1. e4 d5 2. exd5 Nf6 3. Nf3 Nxd5 4. c4 Nf6 5. d4 g6 6. Be3 Bg7 7. h3 c6 8. Be2 Qc7 9. Nbd2 0-0 10. 0-0 Bf5 11. Re1 Nbd7 12. Nf1 c5 13. Ng3 cxd4 14. Nxd4 Be4 15. Qd2 a6 16. Rad1 e5 17. Nf3 Bc6 18. Bh6 Rad8 19. Bxg7 Kxg7 20. Qg5 Ng8 21. Nf5+ Kh8 22. Nh6 f6 23. Qh4 Kg7 24. Nxg8 Rxg8 25. Qg3 Bxf3 26. Bxf3 Rge8 27. b3 Nc5 28. Bd5 a5 29. h4 b6 30. h5 Ne6 31. hxg6 hxg6 32. Be4 Nf4 33. Qg4 Qf7 34. Qf3 f5 35. Bd5 Qf6 36. g3 Nh3+ 37. Kg2 Ng5 38. Qc3 e4 39. Qxf6+ Kxf6 40. Bc6 Rf8 41. Rd5 Rxd5 42. cxd5 Nf3 43. Rd1 Rd8 44. d6 Ne5 45. Bb5 Ke6 46. Rd2 Rxd6 47. Re2 Nf3 48. g4 Ke5 49. Be8 f4 50. Rc2 Ne1+ 0-1

[Event "COL sub zt 2.3.4"]
[Site "La Dorada"]
[Date "2016.11.07"]
[Round "9"]
[White "Casas Cobos, Julio Eduardo"]
[Black "Guerrero, Hernando"]
[Result "0-1"]
[WhiteElo "2002"]
[BlackElo "1853"]
[PlyCount "24"]
[EventDate "2016.11.02"]
[EventType "swiss"]
[EventRounds "9"]
[EventCountry "COL"]
[SourceTitle "CBM 175 Extra"]
[Source "ChessBase"]
[SourceDate "2016.12.12"]
[SourceVersion "1"]
[SourceVersionDate "2016.12.12"]
[SourceQuality "1"]

1. e4 c5 2. Nc3 Nc6 3. f4 g6 4. Nf3 Bg7 5. d3 Nd4 6. Be2 Nh6 7. 0-0 d6 8. h3 Bd7 9. Be3 Bc6 10. Bf2 f5 11. Ng5 Nf7 12. Nxf7 Kxf7 0-1

[Event "COL sub zt 2.3.4"]
[Site "La Dorada"]
[Date "2016.11.04"]
[Round "5"]
[White "Casas Cobos, Julio Eduardo"]
[Black "Calderon Zuta, Nicolas"]
[Result "1/2-1/2"]
[WhiteElo "2002"]
[BlackElo "1822"]
[PlyCount "118"]
[EventDate "2016.11.02"]
[EventType "swiss"]
[EventRounds "9"]
[EventCountry "COL"]
[SourceTitle "CBM 175 Extra"]
[Source "ChessBase"]
[SourceDate "2016.12.12"]
[SourceVersion "1"]
[SourceVersionDate "2016.12.12"]
[SourceQuality "1"]

1. e4 c5 2. Nc3 e6 3. f4 g6 4. Nf3 Bg7 5. Be2 Ne7 6. 0-0 Nbc6 7. d3 0-0 8. Kh1 d6 9. Qe1 Rb8 10. Ng5 Nd4 11. Bd1 b5 12. Ne2 Nec6 13. Ng3 h6 14. Nh3 Ne7 15. Be3 f5 16. c3 Ndc6 17. Bb3 Kh7 18. Rd1 Na5 19. Bc2 Qc7 20. Ne2 b4 21. Bc1 bxc3 22. bxc3 Nac6 23. Qh4 Kg8 24. g4 Bb7 25. g5 fxe4 26. dxe4 Nd8 27. gxh6 Bf6 28. Qg4 Kh8 29. Ng5 Bc8 30. h4 d5 31. e5 Bxg5 32. Qxg5 Nf5 33. h5 gxh5 34. Rg1 Qe7 35. Qxe7 Nxe7 36. Rg7 Rf7 37. Rdg1 Ba6 38. Ng3 Rxg7 39. hxg7+ Kxg7 40. Nxh5+ Kf7 41. Rg7+ Kf8 42. f5 exf5 43. Bh6 Nf7 44. Bf4 Be2 45. Rh7 Bxh5 46. Rxh5 Rb2 47. e6 Rxc2 48. exf7 Kxf7 49. Rh7+ Ke8 50. Bd6 Nc6 51. Rc7 Na5 52. Rxa7 Rxa2 53. Bxc5 Ra1+ 54. Kg2 Nb3 55. Re7+ Kd8 56. Bb4 d4 57. Re5 dxc3 58. Bxc3 Ra2+ 59. Kf3 Rc2 1/2-1/2

[Event "Bogota Millonario op"]
[Site "Bogota"]
[Date "2015.12.20"]
[Round "5"]
[White "Dominguez Rincon, Miller Duvan"]
[Black "Casas Cobos, Julio Eduardo"]
[Result "1-0"]
[WhiteElo "2111"]
[BlackElo "2025"]
[PlyCount "111"]
[EventDate "2015.12.18"]
[EventType "swiss"]
[EventRounds "9"]
[EventCountry "COL"]
[SourceTitle "EXT 2017"]
[Source "ChessBase"]
[SourceDate "2016.10.25"]
[SourceVersion "1"]
[SourceVersionDate "2016.10.25"]
[SourceQuality "1"]

1. e4 c5 2. Nf3 d6 3. d4 cxd4 4. Nxd4 Nf6 5. Nc3 g6 6. Be3 Bg7 7. f3 Nc6 8. Bc4 Bd7 9. Qd2 Rc8 10. Bb3 0-0 11. 0-0-0 Nxd4 12. Bxd4 a5 13. a4 b5 14. axb5 Ra8 15. Ba4 Qc7 16. g4 Rfc8 17. g5 e5 18. gxf6 exd4 19. Nd5 Qc4 20. Bb3 Qxb3 21. Ne7+ Kf8 22. Nxc8 Rxc8 23. fxg7+ Kxg7 24. Qxd4+ Kg8 25. Qd3 Qa4 26. b3 Qa1+ 27. Kd2 Qe5 28. c4 Qg5+ 29. Qe3 Qg2+ 30. Qe2 Qg5+ 31. Kc2 Qxb5 32. Ra1 d5 33. exd5 Qxd5 34. Rhd1 Bf5+ 35. Kb2 Qc6 36. Rxa5 Be6 37. Ra4 Rb8 38. Rda1 Qc5 39. Ra8 Qd4+ 40. Kc2 Bf5+ 41. Kc1 Qc3+ 42. Kd1 Qxb3+ 43. Ke1 Qc3+ 44. Kf2 Qd4+ 45. Kg2 Rxa8 46. Rxa8+ Kg7 47. Rb8 Bd3 48. Qe8 Qxc4 49. Qf8+ Kf6 50. Rb6+ Kg5 51. Qe7+ Kh6 52. Qe3+ Kg7 53. Qe5+ Kh6 54. Rd6 Qa2+ 55. Kg3 Bc4 56. Rd4 1-0

[Event "Bogota LAB op 03"]
[Site "Bogota"]
[Date "2013.03.24"]
[Round "4"]
[White "Casas Cobos, Julio Eduardo"]
[Black "Nope, Viviana"]
[Result "1-0"]
[WhiteElo "1995"]
[BlackElo "1529"]
[PlyCount "33"]
[EventDate "2013.03.22"]
[EventType "swiss"]
[EventRounds "7"]
[EventCountry "COL"]
[SourceTitle "CBM 153 Extra"]
[Source "ChessBase"]
[SourceDate "2013.04.22"]
[SourceVersion "1"]
[SourceVersionDate "2013.04.22"]
[SourceQuality "1"]

1. e4 e6 2. d3 d5 3. Nd2 Nf6 4. e5 Nfd7 5. f4 c5 6. Nh3 Nc6 7. Be2 f6 8. Bg4 fxe5 9. Bxe6 Nf6 10. Bxc8 Rxc8 11. 0-0 exf4 12. Nxf4 Be7 13. Ne6 Qd6 14. Nxg7+ Kd7 15. Nf5 Qc7 16. Nxe7 Nxe7 17. Rxf6 1-0

[Event "Bogota McGregor op 3rd"]
[Site "Bogota"]
[Date "2012.12.16"]
[Round "8"]
[White "Casas Cobos, Julio Eduardo"]
[Black "Rodriguez Rueda, Paula Andrea"]
[Result "1/2-1/2"]
[WhiteElo "1995"]
[BlackElo "2177"]
[PlyCount "84"]
[EventDate "2012.12.12"]
[EventType "swiss"]
[EventRounds "9"]
[EventCountry "COL"]
[SourceTitle "EXT 2014"]
[Source "ChessBase"]
[SourceDate "2013.11.20"]
[SourceVersion "1"]
[SourceVersionDate "2013.11.20"]
[SourceQuality "1"]

1. e4 c5 2. Nc3 d6 3. f4 Nc6 4. Nf3 e6 5. Bb5 Nge7 6. d3 g6 7. d4 a6 8. Bxc6+ Nxc6 9. dxc5 dxc5 10. Qxd8+ Kxd8 11. Be3 Kc7 12. 0-0-0 h6 13. f5 b5 14. fxg6 fxg6 15. Rhf1 g5 16. h4 g4 17. Bf4+ Kb6 18. Ne5 Rg8 19. g3 Nd4 20. a3 a5 21. b3 h5 22. Nd3 Kc6 23. Be5 Nf3 24. Bf6 c4 25. Nf4 Bxa3+ 26. Kb1 Bb4 27. Nxh5 Rf8 28. Kb2 a4 29. Na2 a3+ 30. Kc1 Bc5 31. Bc3 Bb7 32. Ng7 cxb3 33. cxb3 Kb6 34. Nxe6 Be3+ 35. Kb1 Bxe4+ 36. Ka1 Rfc8 37. Rd6+ Rc6 38. Rfd1 Rac8 39. Nb4 Rxd6 40. Rxd6+ Ka7 41. Rd7+ Kb6 42. Rd6+ Ka7 1/2-1/2

[Event "Pamplona Sub zt 2.3"]
[Site "Pamplona"]
[Date "2012.11.09"]
[Round "9"]
[White "Angulo Pimienta, Angel Gabriel"]
[Black "Casas Cobos, Julio Eduardo"]
[Result "1-0"]
[WhiteElo "1969"]
[BlackElo "2012"]
[PlyCount "47"]
[EventDate "2012.11.05"]
[EventType "swiss"]
[EventRounds "9"]
[EventCountry "COL"]
[SourceTitle "EXT 2013"]
[Source "ChessBase"]
[SourceDate "2012.11.22"]
[SourceVersion "1"]
[SourceVersionDate "2012.11.22"]
[SourceQuality "1"]

1. d4 f5 2. Nc3 Nf6 3. Bg5 e6 4. e4 fxe4 5. Nxe4 Be7 6. Bxf6 Bxf6 7. Nf3 d6 8. Bd3 Nc6 9. c3 Qe7 10. Qc2 Bd7 11. 0-0-0 0-0-0 12. Rhe1 Qf7 13. Kb1 e5 14. dxe5 Nxe5 15. Nxe5 Bxe5 16. g3 Rdf8 17. f4 Bf6 18. Bf1 h5 19. Rxd6 h4 20. Rd2 hxg3 21. hxg3 Rh1 22. Nxf6 gxf6 23. Red1 Bc6 24. Qf5+ 1-0